| 000 | 01272nam0a22002771 4500 | ||
|---|---|---|---|
| 001 | rc\2565805 | ||
| 005 | 20250623110505.0 | ||
| 035 | _a(NLR Aleph) 006730627 | ||
| 090 |
_a5540092 _c5540092 |
||
| 100 | _a20110914d1927 |||y0rusy50 ca | ||
| 101 | 0 | _arus | |
| 102 | _aRU | ||
| 105 | _aach z ||||| | ||
| 200 | 1 |
_aК пятнадцатилетию забастовки рабочих завода "Электросила" [бывшего Сименс-Шуккерт] (1912-1927) _fЛенингр. испарт. Испарткомиссия завода "Электросила" |
|
| 210 |
_aЛенинград _cКоллектив ВКП(б) завода "Электросила"] _d1927 _gтип. О.К.О. Ленингр. губпрофсовета |
||
| 215 |
_a46, [2] с. _cил., портр., факс. _d21х14 см. |
||
| 300 | _aОбложка: Б. Ц. | ||
| 710 | 0 | 2 |
_a"Электросила", завод им. С. М. Кирова (Ленинград) _bКомиссия по изучению истории Октябрьской революции и ВКП(б) |
| 801 | 0 |
_aRU _bNLR _gpsbo |
|
| 801 | 1 |
_aRU _bELAR _2rusmarc |
|
| 852 |
_aNLR _j106/547 |
||
| 852 |
_aNLR _j60/1830 |
||
| 852 |
_aNLR _jМф К-1/4267 |
||
| 942 | _cBOOK | ||
| 980 | _aNB | ||